| 000 | 00891cam a2200229 a 4500 | ||
|---|---|---|---|
| 001 | 000001501 | ||
| 005 | 20200929145611.0 | ||
| 008 | 791029s1979 alua bc 001 0 eng | ||
| 020 | _a0896160084 | ||
| 020 | _a0896160092 | ||
| 040 |
_aDO-SdBNP _bspa _cBNPHU |
||
| 050 | 0 | 0 |
_aND205 _b.A77 1979 |
| 082 |
_a759.13/074/016147 _bA784i |
||
| 245 | 0 | 0 |
_aArt Inc. : _bAmerican paintings from corporate collections / _cintroducción de Mitchell Douglas Kahan. |
| 260 |
_aMontgomery, Alabama : _bMontgomery Museum of Fine Arts in association with Brandywine Press, _c1979. |
||
| 300 |
_a298 p. : _bil. ; _c28 cm. |
||
| 504 | _aBibliografía: p. 288-295. | ||
| 650 | 0 |
_aPainting, american _vExhibitions. _94957 |
|
| 650 | 0 |
_aCorporations _xArt collections _zUnited States _vExhibitions. _94958 |
|
| 710 | 1 |
_aMontgomery Museum of Fine Arts. _94959 |
|
| 740 | 0 | _aAmerican paintings from corporate collections. | |
| 999 |
_c1406 _d1406 |
||